[Event "Madrid ch - Previa A"]
[Site "Madrid ESP"]
[Date "2007.11.08"]
[Round "3.9"]
[White "Osorio Ramos, Francisco"]
[Black "Vicario Ramirez, Celestino"]
[Result "1-0"]
[WhiteElo "1925"]
[BlackElo "1724"]
[PlyCount "95"]
[EventDate "2007.11.01"]
[EventType "swiss"]
[EventRounds "9"]
[EventCountry "ESP"]
[Source "lmi"]
[SourceDate "2007.11.01"]

1. Nf3 c5 2. c4 d6 3. Nc3 e6 4. g3 Be7 5. Bg2 Nf6 6. O-O O-O 7. d4 cxd4 8. Nxd4
Qb6 9. a3 a6 10. b4 Nc6 11. Be3 Qc7 12. Nxc6 bxc6 13. h3 Rb8 14. Qc2 d5 15. c5
Rd8 16. Rad1 e5 17. Bd2 Be6 18. Na4 Nd7 19. f4 f6 20. f5 Bf7 21. e4 d4 22. Rf3
Kh8 23. Bf1 Qc8 24. Bc4 Bxc4 25. Qxc4 Qb7 26. Bc1 Qb5 27. Nb2 h6 28. g4 Nf8 29.
h4 Rd7 30. Rh3 Rbd8 31. Qxb5 axb5 32. Nd3 Nh7 33. g5 fxg5 34. Nxe5 Bf6 35. Nxd7
Rxd7 36. hxg5 Nxg5 37. Bxg5 Bxg5 38. Rhd3 Bf6 39. Kg2 Kg8 40. Kf3 Be5 41. Rg1
Kf7 42. Rg6 Rc7 43. Re6 Bf6 44. e5 Re7 45. Rxe7+ Bxe7 46. Rxd4 h5 47. Rd7 h4
48. Rc7 1-0

[Event "Madrid ch - Previa A"]
[Site "Madrid ESP"]
[Date "2007.11.08"]
[Round "3.10"]
[White "Vázquez Moreno, Luis"]
[Black "Román Rodríguez, Pablo"]
[Result "1/2-1/2"]
[WhiteElo "1749"]
[BlackElo "1916"]
[PlyCount "115"]
[EventDate "2007.11.01"]
[EventType "swiss"]
[EventRounds "9"]
[EventCountry "ESP"]
[Source "lmi"]
[SourceDate "2007.11.01"]

1. e4 e5 2. Nf3 Nc6 3. Bb5 a6 4. Ba4 Nf6 5. O-O b5 6. Bb3 Be7 7. Re1 d6 8. c3
Na5 9. Bc2 c5 10. d4 Qc7 11. d5 O-O 12. Nbd2 c4 13. b4 Nb7 14. h3 Bd7 15. Nf1
a5 16. Bg5 axb4 17. cxb4 h6 18. Bxf6 Bxf6 19. a3 Be7 20. Ng3 Qc8 21. Nf5 Bxf5
22. exf5 Bf6 23. Re4 Qc7 24. Qe2 Rfc8 25. Nh4 Nd8 26. Qh5 Qe7 27. Nf3 c3 28.
Rg4 Rc4 29. Rxc4 bxc4 30. a4 Qb7 31. Re1 Qxb4 32. Re4 Qb2 33. Nd4 Qc1+ 34. Kh2
Qg5 35. Qxg5 Bxg5 36. Nb5 Nb7 37. Rxc4 Bd2 38. Nxc3 Bxc3 39. Rxc3 Nc5 40. Rc4
Kf8 41. f3 Ke7 42. g4 Ra5 43. Kg3 Kf6 44. Rb4 Ke7 45. h4 Ra7 46. g5 hxg5 47.
hxg5 f6 48. Kg4 fxg5 49. Kxg5 Kf7 50. Rh4 Nd7 51. Rc4 Nc5 52. f4 e4 53. Bxe4
Rxa4 54. Rxa4 Nxa4 55. Bf3 Nc3 56. Bh5+ Kf8 57. Bf3 Kf7 58. Bh5+ 1/2-1/2

[Event "Madrid ch - Previa A"]
[Site "Madrid ESP"]
[Date "2007.11.08"]
[Round "3.13"]
[White "Sanchez Rodajo, Pedro Luis"]
[Black "Gonzalez Recas, Fernando"]
[Result "1-0"]
[WhiteElo "1717"]
[BlackElo "1888"]
[PlyCount "47"]
[EventDate "2007.11.01"]
[EventType "swiss"]
[EventRounds "9"]
[EventCountry "ESP"]
[Source "lmi"]
[SourceDate "2007.11.01"]

1. f4 d6 2. Nf3 Nf6 3. g3 c6 4. Bg2 Nbd7 5. O-O Qc7 6. d3 e6 7. e4 Be7 8. b3
O-O 9. Bb2 Qb6+ 10. Bd4 Qc7 11. h3 e5 12. Be3 d5 13. Nfd2 Bc5 14. Bxc5 Nxc5 15.
f5 b6 16. Nc3 Bb7 17. g4 dxe4 18. g5 Nd5 19. Ncxe4 Nxe4 20. Bxe4 Nf4 21. Rxf4
exf4 22. Qh5 f6 23. Nf3 Qf7 24. g6 1-0

[Event "Madrid ch - Previa A"]
[Site "Madrid ESP"]
[Date "2007.11.08"]
[Round "3.14"]
[White "Collado Barbas, Alberto"]
[Black "Ortiz Berruguete, Adrian"]
[Result "1-0"]
[WhiteElo "1886"]
[BlackElo "1737"]
[PlyCount "67"]
[EventDate "2007.11.01"]
[EventType "swiss"]
[EventRounds "9"]
[EventCountry "ESP"]
[Source "lmi"]
[SourceDate "2007.11.01"]

1. d4 d5 2. Nf3 Nf6 3. Bg5 e6 4. e3 Be7 5. Bd3 Nc6 6. c3 a6 7. Nbd2 Nd7 8. Bxe7
Qxe7 9. O-O Nf6 10. Ne5 Nxe5 11. dxe5 Nd7 12. f4 c5 13. Qf3 f6 14. exf6 Nxf6
15. e4 dxe4 16. Nxe4 O-O 17. Rae1 Rb8 18. Nxf6+ Rxf6 19. Re5 b5 20. g4 c4 21.
Be4 Bb7 22. g5 Rff8 23. Bxh7+ Kh8 24. Qh3 g6 25. Bxg6+ Kg8 26. Qxe6+ Qxe6 27.
Rxe6 Rbd8 28. Be4 Bc8 29. Re7 Rd2 30. f5 Kh8 31. Rf4 Rfd8 32. g6 R2d7 33. g7+
Kg8 34. f6 1-0

[Event "Madrid ch - Previa A"]
[Site "Madrid ESP"]
[Date "2007.11.08"]
[Round "3.15"]
[White "Garcia Donoso, Alberto"]
[Black "Cañas Muñoz, Oscar"]
[Result "0-1"]
[WhiteElo "1723"]
[BlackElo "1862"]
[PlyCount "90"]
[EventDate "2007.11.01"]
[EventType "swiss"]
[EventRounds "9"]
[EventCountry "ESP"]
[Source "lmi"]
[SourceDate "2007.11.01"]

1. e4 e6 2. d4 d5 3. e5 c5 4. c3 Nc6 5. Nf3 Qb6 6. Qd3 cxd4 7. cxd4 Bd7 8. a3
Rc8 9. Nc3 Na5 10. Nd2 Ne7 11. f4 Nf5 12. Nf3 Nb3 13. Rb1 Nxc1 14. Rxc1 Qxb2
15. Qd2 Bxa3 16. Rc2 Qa1+ 17. Kf2 Bb4 18. g4 Bxc3 19. Rxc3 Qxc3 20. Qxc3 Rxc3
21. gxf5 exf5 22. h4 Rc2+ 23. Kg3 O-O 24. h5 Rfc8 25. Bg2 Rc1 26. Rh3 R8c3 27.
Kh2 R1c2 28. Rg3 h6 29. Ne1 Rxg3 30. Nxc2 Rb3 31. Bxd5 Rb2 32. Kg3 Rxc2 33.
Bxb7 Bc6 34. Ba6 Rd2 35. Bc8 Be4 36. Kh4 Rxd4 37. e6 fxe6 38. Ba6 Bd3 39. Bxd3
Rxf4+ 40. Kg3 Rd4 41. Bc2 a5 42. Kf3 a4 43. Bb1 a3 44. Ke3 e5 45. Bxf5 Kf7 0-1

[Event "Madrid ch - Previa A"]
[Site "Madrid ESP"]
[Date "2007.11.08"]
[Round "3.17"]
[White "Franco Rincon, David"]
[Black "Gallo Restrepo, German"]
[Result "1/2-1/2"]
[WhiteElo "1713"]
[BlackElo "1891"]
[PlyCount "129"]
[EventDate "2007.11.01"]
[EventType "swiss"]
[EventRounds "9"]
[EventCountry "ESP"]
[Source "lmi"]
[SourceDate "2007.11.01"]

1. e4 c5 2. Nf3 e6 3. d4 cxd4 4. Nxd4 d6 5. c4 Nf6 6. Nc3 Be7 7. Be3 a6 8. Be2
Bd7 9. O-O O-O 10. f3 Nc6 11. Nc2 Rc8 12. Na4 Ne5 13. Nb6 Rc6 14. Nxd7 Qxd7 15.
b3 Rd8 16. f4 Ng6 17. Bf3 d5 18. e5 Ne8 19. Qe2 Bc5 20. Qf2 Nxf4 21. Bxc5 Nd3
22. Qe3 Nxc5 23. Rad1 Rcc8 24. cxd5 exd5 25. Rxd5 Qe7 26. Rfd1 Rxd5 27. Rxd5
Ne6 28. Ne1 N8c7 29. Rd1 Nb5 30. Rc1 Rd8 31. Qb6 Nbd4 32. Kf1 Qg5 33. Rd1 Qxe5
34. Qxb7 Re8 35. Qd7 Rf8 36. Qd5 Qxh2 37. Rxd4 Nxd4 38. Qxd4 Re8 39. Nd3 Qg3
40. Qf2 Qg6 41. Qd4 Qg5 42. Qf4 Qa5 43. Qa4 Qxa4 44. bxa4 Re3 45. Be2 Re4 46.
Nc5 Rb4 47. Bxa6 g5 48. Bb5 g4 49. Kf2 h5 50. Kg3 Kg7 51. a3 Rb1 52. Kh4 Kg6
53. Ne4 f5 54. Nd6 Rh1+ 55. Kg3 Kg5 56. a5 f4+ 57. Kf2 Ra1 58. Ne4+ Kf5 59.
Nd6+ Ke5 60. Nc4+ Kd4 61. a6 Ra2+ 62. Kf1 Ra1+ 63. Ke2 Ra2+ 64. Kf1 Ra1+ 65.
Ke2 1/2-1/2

[Event "Madrid ch - Previa A"]
[Site "Madrid ESP"]
[Date "2007.11.08"]
[Round "3.20"]
[White "Arias de Reyna Martinez, Francisco"]
[Black "Baeza Escudero, Javier"]
[Result "0-1"]
[WhiteElo "1665"]
[BlackElo "1900"]
[PlyCount "44"]
[EventDate "2007.11.01"]
[EventType "swiss"]
[EventRounds "9"]
[EventCountry "ESP"]
[Source "lmi"]
[SourceDate "2007.11.01"]

1. e4 c5 2. Nf3 Nc6 3. d4 cxd4 4. Nxd4 Nf6 5. Nc3 e5 6. Nb3 Bb4 7. Bc4 Nxe4 8.
Qd5 Nd6 9. Bd2 Nxc4 10. Qxc4 O-O 11. a3 Bxc3 12. Bxc3 d5 13. Qb5 a6 14. Qe2 d4
15. Bd2 Bf5 16. O-O-O Rc8 17. c3 Qb6 18. Na1 dxc3 19. Bxc3 Nd4 20. Qe3 Rfd8 21.
Qxe5 Rxc3+ 22. bxc3 Ne2+ 0-1

[Event "Madrid ch - Previa A"]
[Site "Madrid ESP"]
[Date "2007.11.08"]
[Round "3.21"]
[White "Gonzalez Ayuso, Gonzalo"]
[Black "Martin Calero, Jorge"]
[Result "0-1"]
[WhiteElo "1821"]
[BlackElo "1708"]
[PlyCount "100"]
[EventDate "2007.11.01"]
[EventType "swiss"]
[EventRounds "9"]
[EventCountry "ESP"]
[Source "lmi"]
[SourceDate "2007.11.01"]

1. d4 d5 2. c4 c6 3. Nc3 Nf6 4. Nf3 e6 5. Bg5 Nbd7 6. e3 Qa5 7. cxd5 Nxd5 8.
Qc2 Bb4 9. Rc1 Qxa2 10. Bd3 h6 11. Bh4 Qa5 12. O-O O-O 13. Ra1 Qc7 14. Ra4 Bd6
15. e4 Nxc3 16. bxc3 e5 17. Bg3 exd4 18. cxd4 Bxg3 19. fxg3 Nf6 20. d5 Qb6+ 21.
Kh1 cxd5 22. e5 Ng4 23. Rb1 Qe3 24. Bh7+ Kh8 25. Re1 Qb6 26. Bf5 Nf2+ 27. Kg1
Nd3+ 28. Kf1 Nxe1 29. Kxe1 Bxf5 30. Qxf5 Qe3+ 31. Kf1 Rac8 32. Ra1 Rc1+ 33.
Rxc1 Qxc1+ 34. Ke2 Rc8 35. Nd4 Qb2+ 36. Kf3 Rc3+ 37. Kg4 Rc4 38. e6 Qxd4+ 39.
Kh3 g6 40. exf7 gxf5 41. f8=Q+ Kh7 42. Qxf5+ Kg7 43. Qd7+ Kf6 44. Qd6+ Kg5 45.
Qe7+ Qf6 46. Qe3+ Kg6 47. Qe2 Qf5+ 48. g4 Qxg4+ 49. Qxg4+ Rxg4 50. Kxg4 a5 0-1

[Event "Madrid ch - Previa A"]
[Site "Madrid ESP"]
[Date "2007.11.08"]
[Round "3.22"]
[White "Argüelles Dominguez, Ruben"]
[Black "Sanchez Rodenas, Jose Antonio"]
[Result "0-1"]
[WhiteElo "1662"]
[BlackElo "1795"]
[PlyCount "82"]
[EventDate "2007.11.01"]
[EventType "swiss"]
[EventRounds "9"]
[EventCountry "ESP"]
[Source "lmi"]
[SourceDate "2007.11.01"]

1. d4 d5 2. c4 c6 3. Nf3 Nf6 4. Nc3 e6 5. a3 Nbd7 6. Bg5 Qa5 7. Bd2 Qc7 8. Qc2
Be7 9. Rc1 O-O 10. e4 dxe4 11. Nxe4 Nxe4 12. Qxe4 Nf6 13. Qe5 Bd6 14. Qe3 c5
15. Bd3 cxd4 16. Nxd4 Bc5 17. b4 Bxd4 18. Qxd4 e5 19. Qe3 e4 20. Bxe4 Re8 21.
f3 Bf5 22. O-O Bxe4 23. fxe4 Rxe4 24. Qg5 Qc6 25. h3 h6 26. Qg3 Nh5 27. Qf3 Qg6
28. c5 Rae8 29. Bc3 Ng3 30. Rf2 Re2 31. Rd1 Rxf2 32. Qxf2 Ne2+ 33. Kh2 Nxc3 34.
Rd7 Ne4 35. Qf3 Re6 36. Rxb7 Rf6 37. Qe2 Qg3+ 38. Kg1 Ng5 39. Re7 Nf3+ 40. Qxf3
Rxf3 41. c6 Rf2 0-1

[Event "Madrid ch - Previa A"]
[Site "Madrid ESP"]
[Date "2007.11.09"]
[Round "4.1"]
[White "Cabañas Bravo, Juan Andres"]
[Black "Marcos Herrero, Francisco"]
[Result "1-0"]
[WhiteElo "2004"]
[BlackElo "1940"]
[PlyCount "75"]
[EventDate "2007.11.01"]
[EventType "swiss"]
[EventRounds "9"]
[EventCountry "ESP"]
[Source "lmi"]
[SourceDate "2007.11.01"]

1. e4 d6 2. d4 Nf6 3. Nc3 g6 4. f4 Bg7 5. Nf3 c5 6. dxc5 Qa5 7. Bd3 Qxc5 8. Qe2
Nc6 9. Be3 Qa5 10. O-O O-O 11. h3 a6 12. Qf2 Nd7 13. Qh4 e6 14. f5 Nce5 15. Nd4
Nxd3 16. cxd3 Qd8 17. Qxd8 Rxd8 18. fxe6 Ne5 19. e7 Re8 20. Nd5 Rb8 21. Bg5 Bd7
22. Rad1 b5 23. Nc7 Rec8 24. Nxa6 Ra8 25. Nb4 h6 26. Bf6 g5 27. a3 Ng6 28. Bxg7
Kxg7 29. Nd5 Rab8 30. Rf6 Bc6 31. Nf5+ Kg8 32. Nxh6+ Kh7 33. Nxf7 Bxd5 34. exd5
Nxe7 35. Nxg5+ Kg8 36. Rxd6 Rc2 37. Rf1 Re2 38. Re6 1-0

[Event "Madrid ch - Previa A"]
[Site "Madrid ESP"]
[Date "2007.11.09"]
[Round "4.2"]
[White "Redondo Garcia, Jose Luis"]
[Black "Tejedor Ariza, Francisco"]
[Result "0-1"]
[WhiteElo "1909"]
[BlackElo "1987"]
[PlyCount "94"]
[EventDate "2007.11.01"]
[EventType "swiss"]
[EventRounds "9"]
[EventCountry "ESP"]
[Source "lmi"]
[SourceDate "2007.11.01"]

1. c4 c6 2. Nc3 e6 3. d4 d5 4. e3 Nf6 5. a3 Bd6 6. b4 Nbd7 7. Bb2 O-O 8. Bd3
dxc4 9. Bxc4 Nd5 10. Ne4 Bc7 11. Nf3 Qe7 12. Qc2 N5b6 13. Ba2 Nf6 14. Nxf6+
gxf6 15. e4 e5 16. dxe5 fxe5 17. Bc1 Be6 18. Bh6 Rfd8 19. Bxe6 Qxe6 20. Qc1 Qg6
21. Qg5 Qxg5 22. Nxg5 Rd6 23. Nxh7 Kxh7 24. Be3 Nc4 25. Bc5 Rd3 26. O-O b6 27.
Rfc1 b5 28. a4 a5 29. axb5 cxb5 30. bxa5 Rxa5 31. f3 Rxa1 32. Rxa1 Bd6 33. Bxd6
Nxd6 34. Rb1 Kg6 35. Kf2 Rd2+ 36. Kg3 f5 37. exf5+ Nxf5+ 38. Kh3 Nd4 39. Rb4
Rd3 40. Kg4 Rb3 41. Rxb3 Nxb3 42. f4 Nd4 43. h4 b4 44. h5+ Kh6 45. f5 b3 46. f6
b2 47. f7 Kg7 0-1

[Event "Madrid ch - Previa A"]
[Site "Madrid ESP"]
[Date "2007.11.09"]
[Round "4.3"]
[White "Garcia Reino, Eduardo"]
[Black "Martin Mazuelo, Miguel Angel"]
[Result "0-1"]
[WhiteElo "1860"]
[BlackElo "1983"]
[PlyCount "66"]
[EventDate "2007.11.01"]
[EventType "swiss"]
[EventRounds "9"]
[EventCountry "ESP"]
[Source "lmi"]
[SourceDate "2007.11.01"]

1. e4 c5 2. Nc3 e6 3. d3 Nc6 4. g3 Nf6 5. Bg2 d5 6. exd5 exd5 7. Bg5 Be6 8.
Nge2 Be7 9. Nf4 h6 10. Nxe6 fxe6 11. Bxf6 Bxf6 12. Qh5+ Kd7 13. Bh3 Bxc3+ 14.
bxc3 Qf6 15. Qxd5+ Kc7 16. Qxc5 b6 17. Qc4 Qf3 18. Qf4+ Qxf4 19. gxf4 Rhf8 20.
Rg1 Rf7 21. Kf1 Raf8 22. Rg2 Rxf4 23. Bxe6 Ne5 24. Re1 Nf3 25. Re2 g5 26. Re3
Nh4 27. Rg4 Rxf2+ 28. Ke1 Ng2+ 29. Rxg2 Rxg2 30. d4 Rff2 31. Bd5 Rxh2 32. c4
Rxc2 33. Re7+ Kd8 0-1

[Event "Madrid ch - Previa A"]
[Site "Madrid ESP"]
[Date "2007.11.09"]
[Round "4.4"]
[White "Perez Martinez, Jose Manuel"]
[Black "Espinosa Delgado, Miguel"]
[Result "1-0"]
[WhiteElo "1982"]
[BlackElo "1836"]
[PlyCount "41"]
[EventDate "2007.11.01"]
[EventType "swiss"]
[EventRounds "9"]
[EventCountry "ESP"]
[Source "lmi"]
[SourceDate "2007.11.01"]

1. e4 e5 2. Nf3 Nc6 3. Bb5 a6 4. Ba4 Nf6 5. O-O Be7 6. Nc3 d6 7. Bxc6+ bxc6 8.
d4 Bg4 9. dxe5 Nd7 10. exd6 Bxd6 11. h3 Bh5 12. Qd3 Ne5 13. Nxe5 Bxe5 14. Qxd8+
Rxd8 15. Be3 f6 16. Na4 Ke7 17. c3 Rb8 18. f4 Bd6 19. Rf2 Rb5 20. b3 Re8 21. c4
1-0

[Event "Madrid ch - Previa A"]
[Site "Madrid ESP"]
[Date "2007.11.09"]
[Round "4.5"]
[White "Esquivias Gomez, Francisco J"]
[Black "Collado Barbas, Alberto"]
[Result "1-0"]
[WhiteElo "2021"]
[BlackElo "1886"]
[PlyCount "51"]
[EventDate "2007.11.01"]
[EventType "swiss"]
[EventRounds "9"]
[EventCountry "ESP"]
[Source "lmi"]
[SourceDate "2007.11.01"]

1. c4 c5 2. Nc3 Nf6 3. e4 Nc6 4. g3 e5 5. Bg2 d6 6. Nge2 g6 7. d3 h5 8. h3 Rb8
9. Bg5 Bh6 10. Bxh6 Rxh6 11. Qd2 Rh7 12. O-O h4 13. g4 Nxg4 14. hxg4 h3 15. Bf3
Qf6 16. Qe3 h2+ 17. Kh1 Rh3 18. Ng3 Nd4 19. Bg2 Rh8 20. g5 Qd8 21. Rac1 Ne6 22.
Nd5 Nxg5 23. f4 Nh7 24. fxe5 dxe5 25. Qxc5 Qh4 26. Qd6 1-0

[Event "Madrid ch - Previa A"]
[Site "Madrid ESP"]
[Date "2007.11.09"]
[Round "4.6"]
[White "Sanz Esteban, Eduardo"]
[Black "Algaba Traspuesto, Jose Antonio"]
[Result "1-0"]
[WhiteElo "1939"]
[BlackElo "1828"]
[PlyCount "39"]
[EventDate "2007.11.01"]
[EventType "swiss"]
[EventRounds "9"]
[EventCountry "ESP"]
[Source "lmi"]
[SourceDate "2007.11.01"]

1. e4 d5 2. exd5 Qxd5 3. Nc3 Qd6 4. d4 Nf6 5. Nf3 a6 6. g3 b5 7. Bg2 Bb7 8. O-O
e6 9. Re1 Be7 10. Bf4 Qb6 11. a4 b4 12. a5 Qa7 13. Bxc7 Bxf3 14. Qxf3 Qxc7 15.
Nb5 axb5 16. Qxa8 O-O 17. a6 Nd5 18. Bxd5 exd5 19. a7 Na6 20. Qxf8+ 1-0

[Event "Madrid ch - Previa A"]
[Site "Madrid ESP"]
[Date "2007.11.09"]
[Round "4.7"]
[White "Cañas Muñoz, Oscar"]
[Black "Osorio Ramos, Francisco"]
[Result "1/2-1/2"]
[WhiteElo "1862"]
[BlackElo "1925"]
[PlyCount "32"]
[EventDate "2007.11.01"]
[EventType "swiss"]
[EventRounds "9"]
[EventCountry "ESP"]
[Source "lmi"]
[SourceDate "2007.11.01"]

1. e4 d5 2. exd5 Qxd5 3. Nc3 Qe5+ 4. Qe2 Qxe2+ 5. Bxe2 Nf6 6. d4 Bf5 7. Nb5 Na6
8. c3 c6 9. Na3 Nc7 10. Nc4 e6 11. Bf4 O-O-O 12. Bxc7 Kxc7 13. Ne5 Bg6 14. Ngf3
Bd6 15. Nc4 Be7 16. Nfe5 Nd5 1/2-1/2

[Event "Madrid ch - Previa A"]
[Site "Madrid ESP"]
[Date "2007.11.09"]
[Round "4.8"]
[White "Rodriguez Ballespin, Daniel"]
[Black "Hernandez del Can, Jose"]
[Result "1-0"]
[WhiteElo "1849"]
[BlackElo "1914"]
[PlyCount "53"]
[EventDate "2007.11.01"]
[EventType "swiss"]
[EventRounds "9"]
[EventCountry "ESP"]
[Source "lmi"]
[SourceDate "2007.11.01"]

1. e4 c5 2. Nf3 d6 3. d3 e6 4. g3 Nc6 5. Bg2 Nf6 6. O-O g6 7. Nbd2 Bg7 8. c3
O-O 9. d4 cxd4 10. Nxd4 Nxd4 11. cxd4 Nd7 12. Nb3 Rb8 13. Be3 b6 14. Qd2 Bb7
15. h4 h5 16. Rac1 Rc8 17. Qb4 Nb8 18. Rxc8 Bxc8 19. Rc1 Bb7 20. Bf4 e5 21. Be3
Qd7 22. dxe5 Bxe5 23. Qd2 Qa4 24. Nd4 Nc6 25. Nxc6 Bxc6 26. b3 Qb5 27. Bf1 1-0

[Event "Madrid ch - Previa A"]
[Site "Madrid ESP"]
[Date "2007.11.09"]
[Round "4.9"]
[White "Sanchez Rodajo, Pedro Luis"]
[Black "Merino Araguas, Jose Javier"]
[Result "0-1"]
[WhiteElo "1717"]
[BlackElo "1909"]
[PlyCount "94"]
[EventDate "2007.11.01"]
[EventType "swiss"]
[EventRounds "9"]
[EventCountry "ESP"]
[Source "lmi"]
[SourceDate "2007.11.01"]

1. f4 d5 2. e4 dxe4 3. Nc3 Nf6 4. Qe2 Nbd7 5. Nxe4 Nxe4 6. Qxe4 Nf6 7. Qe2 Qd5
8. Qe5 Qxe5+ 9. fxe5 Nd5 10. c3 Bf5 11. d4 e6 12. Nf3 h6 13. Bc4 c6 14. Nh4 Be4
15. Nf3 Be7 16. O-O O-O 17. Bd2 a5 18. Rae1 Bh7 19. a3 Rfd8 20. Bxd5 cxd5 21.
Ra1 b5 22. Rfc1 Rdc8 23. b4 axb4 24. axb4 Bd3 25. Ne1 Bf5 26. Kf2 Kh7 27. h3 f6
28. Nf3 Be4 29. Ra5 Rxa5 30. bxa5 Rc4 31. Ra1 Bc2 32. a6 Ba4 33. Ne1 Rc6 34.
Nd3 Rxa6 35. exf6 gxf6 36. Bf4 Rc6 37. Bd2 Bd6 38. Re1 Bc7 39. Nc5 e5 40. Ke3
Bb6 41. Nd3 exd4+ 42. cxd4 Re6+ 43. Kf4 Rxe1 44. Bxe1 Bxd4 45. Nb4 Be5+ 46. Kf5
Bb3 47. Nd3 Bc2 0-1

[Event "Madrid ch - Previa A"]
[Site "Madrid ESP"]
[Date "2007.11.09"]
[Round "4.10"]
[White "Roman Rodriguez, Pablo"]
[Black "Navas Jimenez, Julian"]
[Result "1/2-1/2"]
[WhiteElo "1919"]
[BlackElo "1901"]
[PlyCount "53"]
[EventDate "2007.11.01"]
[EventType "swiss"]
[EventRounds "9"]
[EventCountry "ESP"]
[Source "lmi"]
[SourceDate "2007.11.01"]

1. e4 c5 2. Nf3 d6 3. d4 cxd4 4. Nxd4 Nf6 5. f3 e5 6. Nb3 Be6 7. c4 a5 8. a4
Qb6 9. Qd3 Nbd7 10. Be3 Nc5 11. Nxc5 dxc5 12. Nc3 Be7 13. Nd5 Qc6 14. Qc3 Nd7
15. Be2 Bd6 16. O-O Bxd5 17. cxd5 Qc7 18. Bb5 O-O 19. Rac1 b6 20. Qb3 Rab8 21.
Bc6 Kh8 22. Qb5 Rbd8 23. Rfd1 Nb8 24. b3 Rc8 25. Ba8 Nd7 26. Bc6 Nb8 27. Ba8
1/2-1/2

[Event "Madrid ch - Previa A"]
[Site "Madrid ESP"]
[Date "2007.11.09"]
[Round "4.12"]
[White "Garcia Salamero, Gabriel"]
[Black "Vazquez Moreno, Luis"]
[Result "1-0"]
[WhiteElo "1895"]
[BlackElo "1749"]
[PlyCount "71"]
[EventDate "2007.11.01"]
[EventType "swiss"]
[EventRounds "9"]
[EventCountry "ESP"]
[Source "lmi"]
[SourceDate "2007.11.01"]

1. e4 e5 2. Nf3 Nc6 3. Bc4 Nf6 4. Ng5 d5 5. exd5 Nd4 6. d6 Qxd6 7. Bxf7+ Ke7 8.
Bc4 Qc6 9. c3 Qxg2 10. Rf1 Bh3 11. cxd4 Qxg5 12. Qb3 Bxf1 13. Bxf1 exd4 14.
Qxb7 Qe5+ 15. Kd1 Ng4 16. Qxa8 Nxf2+ 17. Kc2 Qc5+ 18. Kb3 Qb6+ 19. Ka4 c6 20.
Qc8 d3 21. Qf5 Qd4+ 22. Kb3 Qb6+ 23. Kc3 Kd8 24. Bxd3 Be7 25. Kc2 g6 26. Qe5
Rf8 27. Nc3 Nxd3 28. Kxd3 Rf3+ 29. Kc2 Kd7 30. Qe4 Rf5 31. h3 Qg1 32. Qd3+ Ke6
33. b3 Bf6 34. Bb2 Qg2 35. Re1+ Kf7 36. Qd7+ 1-0

[Event "Madrid ch - Previa A"]
[Site "Madrid ESP"]
[Date "2007.11.09"]
[Round "4.13"]
[White "Ruiz Quevedo, Andrés"]
[Black "Mosteiro Montoro, Álvaro"]
[Result "1/2-1/2"]
[WhiteElo "1893"]
[BlackElo "1870"]
[PlyCount "96"]
[EventDate "2007.11.01"]
[EventType "swiss"]
[EventRounds "9"]
[EventCountry "ESP"]
[Source "lmi"]
[SourceDate "2007.11.01"]

1. c4 c6 2. Nf3 d5 3. e3 Nf6 4. Nc3 Bg4 5. Be2 Nbd7 6. b3 e5 7. cxd5 cxd5 8.
Bb2 Bd6 9. Rc1 Rc8 10. Nb5 Bb8 11. Rxc8 Qxc8 12. Qa1 Bxf3 13. Bxf3 a6 14. Nc3
e4 15. Be2 O-O 16. Nd1 Re8 17. O-O Ne5 18. f4 exf3 19. Bxf3 Nxf3+ 20. Rxf3 Nh5
21. Rh3 Qg4 22. Nf2 Qg6 23. Rf3 Re6 24. Nh3 h6 25. Qf1 b5 26. Bc3 Bc7 27. Rf5
Nf6 28. Bxf6 Rxf6 29. Rxf6 gxf6 30. Qc1 Be5 31. Nf2 f5 32. Nd3 Bd6 33. Nf4 Bxf4
34. exf4 Qe6 35. Kf2 Kg7 36. Qc3+ Kh7 37. Qe5 Qd7 38. Qf6 d4 39. Qxa6 Qd5 40.
a4 Qxb3 41. Qxb5 Qc2 42. Qb4 d3 43. a5 Qd1 44. h3 h5 45. Kg3 Qe1+ 46. Kh2 h4
47. Qc3 Qg3+ 48. Kh1 Qe1+ 1/2-1/2

[Event "Madrid ch - Previa A"]
[Site "Madrid ESP"]
[Date "2007.11.09"]
[Round "4.14"]
[White "Baeza Escudero, Javier"]
[Black "Gonzalez Marquez, Jorge"]
[Result "1-0"]
[WhiteElo "1900"]
[BlackElo "1928"]
[PlyCount "51"]
[EventDate "2007.11.01"]
[EventType "swiss"]
[EventRounds "9"]
[EventCountry "ESP"]
[Source "lmi"]
[SourceDate "2007.11.01"]

1. e4 c5 2. Nf3 d6 3. d4 cxd4 4. Nxd4 Nf6 5. Nc3 a6 6. Be3 e5 7. Nb3 Be7 8. f3
Be6 9. Qd2 O-O 10. O-O-O Nc6 11. g4 a5 12. Bb5 Nb4 13. a3 Bxb3 14. cxb3 Qc7 15.
Kb1 Nc6 16. g5 Nd7 17. Nd5 Qd8 18. Nxe7+ Qxe7 19. Qxd6 Ndb8 20. Qxe7 Nxe7 21.
Bc5 Nbc6 22. Bxc6 Nxc6 23. Bxf8 Kxf8 24. Rd7 Nd4 25. f4 exf4 26. Rxd4 1-0

[Event "Madrid ch - Previa A"]
[Site "Madrid ESP"]
[Date "2007.11.09"]
[Round "4.15"]
[White "Gallo Restrepo, German"]
[Black "Martin Calero, Jorge"]
[Result "1-0"]
[WhiteElo "1891"]
[BlackElo "1708"]
[PlyCount "43"]
[EventDate "2007.11.01"]
[EventType "swiss"]
[EventRounds "9"]
[EventCountry "ESP"]
[Source "lmi"]
[SourceDate "2007.11.01"]

1. d4 d5 2. c4 c6 3. Nc3 e6 4. Nf3 Nf6 5. Bg5 Nbd7 6. e3 Qa5 7. Nd2 Bb4 8. Qc2
O-O 9. Bxf6 Nxf6 10. Bd3 dxc4 11. Nxc4 Qc7 12. Ne5 Bd6 13. f4 h6 14. O-O Nd5
15. Nxd5 exd5 16. Rac1 Re8 17. Qf2 Be6 18. Qg3 Qc8 19. f5 Bd7 20. f6 g6 21.
Bxg6 Bxe5 22. Bh7+ 1-0

[Event "Madrid ch - Previa A"]
[Site "Madrid ESP"]
[Date "2007.11.09"]
[Round "4.16"]
[White "Valderrama Arroyo, Victor"]
[Black "Franco Rincon, David"]
[Result "1/2-1/2"]
[WhiteElo "1891"]
[BlackElo "1713"]
[PlyCount "77"]
[EventDate "2007.11.01"]
[EventType "swiss"]
[EventRounds "9"]
[EventCountry "ESP"]
[Source "lmi"]
[SourceDate "2007.11.01"]

1. d4 d5 2. c4 dxc4 3. Nc3 e6 4. e4 Nf6 5. Bxc4 Bb4 6. Bg5 h6 7. Qa4+ Nc6 8. d5
Bxc3+ 9. bxc3 exd5 10. O-O-O hxg5 11. exd5 Nxd5 12. Bxd5 Qf6 13. Bxc6+ bxc6 14.
Re1+ Kd8 15. Rd1+ Bd7 16. Ne2 Re8 17. Nd4 Re7 18. h4 g4 19. Rd3 Ke8 20. Nb3
Qxf2 21. Rhd1 Rd8 22. R1d2 Re2 23. Rxe2+ Qxe2 24. Qd4 Qe1+ 25. Rd1 Qxh4 26.
Qxg7 Qe7 27. Qh8+ Qf8 28. Qe5+ Qe7 29. Qh8+ Qf8 30. Qe5+ Be6 31. Rxd8+ Kxd8 32.
Qd4+ Qd6 33. Qxa7 Bxb3 34. axb3 Qg3 35. Qd4+ Ke7 36. Qe4+ Kd7 37. Qf5+ Kd8 38.
Qf6+ Kc8 39. Qxc6 1/2-1/2

[Event "Madrid ch - Previa A"]
[Site "Madrid ESP"]
[Date "2007.11.09"]
[Round "4.17"]
[White "Gonzalez Recas, Fernando"]
[Black "Pintado Luna, Julian"]
[Result "1/2-1/2"]
[WhiteElo "1888"]
[BlackElo "1979"]
[PlyCount "86"]
[EventDate "2007.11.01"]
[EventType "swiss"]
[EventRounds "9"]
[EventCountry "ESP"]
[Source "lmi"]
[SourceDate "2007.11.01"]

1. e4 e5 2. Nf3 Nc6 3. Bb5 Nf6 4. O-O d6 5. d3 a6 6. Ba4 Be7 7. Nc3 b5 8. Bb3
O-O 9. Nd5 Bg4 10. Nxe7+ Qxe7 11. c3 Na5 12. Bc2 Rad8 13. h3 Bh5 14. Qe2 c6 15.
b4 Nb7 16. Bb3 d5 17. exd5 cxd5 18. Qxe5 Qd7 19. Qg3 Nd6 20. Nd4 Bg6 21. Bg5
Nf5 22. Nxf5 Qxf5 23. Be3 Qxd3 24. Qe5 Rfe8 25. Qd4 Qf5 26. Rad1 Re4 27. Qb6
Rde8 28. Bc2 Qh5 29. Bxe4 Bxe4 30. Qd4 Qg6 31. f3 Bf5 32. g4 h5 33. Rd2 hxg4
34. fxg4 Re4 35. Rxf5 Rxd4 36. Rxd4 Ne4 37. Rdxd5 Nd6 38. Rg5 Qb1+ 39. Kg2 Qc2+
40. Kf3 Qe4+ 41. Kf2 Qc2+ 42. Kf3 Qe4+ 43. Kf2 Qc2+ 1/2-1/2